000 00461nam a22001577a 4500
005 20250417094451.0
008 250405b |||||||| |||| 00| 0 eng d
020 _a9781988025490
082 _a346.73 TAP
100 _a Tapscott, Alex
245 _aFinancial Services Revolution
260 _aCanada
_bBarlow Publishing
_c2020
300 _a356;. pages 23 cm
650 _aFinancial Services Industry; Banking law; Insurance law; Mutual Funds
942 _cBK
999 _c43589
_d43589